Statistics for Only 20 Countries on the World Map #3

Click here to take the quiz!

General Stats

  • This quiz has been taken 2,538 times
  • The average score is 18 of 20

Answer Stats

Country % Correct
United States
100%
Sweden
99%
Japan
98%
Iceland
98%
New Zealand
97%
Madagascar
96%
Morocco
96%
Uruguay
95%
Cuba
95%
Bolivia
95%
Venezuela
95%
Papua New Guinea
93%
DR Congo
93%
Tunisia
92%
Sudan
92%
Lithuania
90%
Panama
89%
Uzbekistan
79%
Georgia
77%
Bosnia & Herzegovina
73%

Score Distribution

Percentile by Number Answered

Percent of People with Each Score

Your Score History

You have not taken this quiz